| 000 | 03633pam a2200937 i 4500 | ||
|---|---|---|---|
| 020 | _a0070609292 | ||
| 082 | 0 | 0 |
_a628.72 _bSTE _cL-26, P-8 |
| 100 | 1 |
_aSteel, E. W. _920973 |
|
| 245 | 1 | 0 |
_aWater supply and sewerage / _cE. W. Steel, Terence J. McGhee. |
| 250 | _a5th ed. | ||
| 260 |
_aNew York : _bMcGraw-Hill, _cc1979. |
||
| 300 |
_axiv, 665 p. : _bill. ; _c24 cm. |
||
| 490 | 0 | _aMcGraw-Hill series in water resources and environmental engineering | |
| 526 |
_a0 _b0 _c0 _d628_720000000000000_STE |
||
| 526 |
_a0 _b0 _c0 _d628_720000000000000_STE |
||
| 526 |
_a0 _b0 _c0 _d628_720000000000000_STE |
||
| 526 |
_a0 _b0 _c0 _d628_720000000000000_STE |
||
| 526 |
_a0 _b0 _c0 _d628_720000000000000_STE |
||
| 526 |
_a0 _b0 _c0 _d628_720000000000000_STE |
||
| 526 |
_a0 _b0 _c0 _d628_720000000000000_STE |
||
| 526 |
_a0 _b0 _c0 _d628_720000000000000_STE |
||
| 526 |
_a0 _b0 _c0 _d628_720000000000000_STE |
||
| 526 |
_a0 _b0 _c0 _d628_720000000000000_STE |
||
| 526 |
_a0 _b0 _c0 _d628_720000000000000_STE |
||
| 526 |
_a0 _b0 _c0 _d628_720000000000000_STE |
||
| 526 |
_a0 _b0 _c0 _d628_720000000000000_STE |
||
| 526 |
_a0 _b0 _c0 _d628_720000000000000_STE |
||
| 526 |
_a0 _b0 _c0 _d628_720000000000000_STE |
||
| 526 |
_a0 _b0 _c0 _d628_720000000000000_STE |
||
| 526 |
_a0 _b0 _c0 _d628_720000000000000_STE |
||
| 526 |
_a0 _b0 _c0 _d628_720000000000000_STE |
||
| 526 |
_a0 _b0 _c0 _d628_720000000000000_STE |
||
| 526 |
_a0 _b0 _c0 _d628_720000000000000_STE |
||
| 526 |
_a0 _b0 _c0 _d628_720000000000000_STE |
||
| 526 |
_a0 _b0 _c0 _d628_720000000000000_STE |
||
| 526 |
_a0 _b0 _c0 _d628_720000000000000_STE |
||
| 526 |
_a0 _b0 _c0 _d628_720000000000000_STE |
||
| 526 |
_a0 _b0 _c0 _d628_720000000000000_STE |
||
| 526 |
_a0 _b0 _c0 _d628_720000000000000_STE |
||
| 526 |
_a0 _b0 _c0 _d628_720000000000000_STE |
||
| 526 |
_a0 _b0 _c0 _d628_720000000000000_STE |
||
| 526 |
_a0 _b0 _c0 _d628_720000000000000_STE |
||
| 526 |
_a0 _b0 _c0 _d628_720000000000000_STE |
||
| 526 |
_a0 _b0 _c0 _d628_720000000000000_STE |
||
| 526 |
_a0 _b0 _c0 _d628_720000000000000_STE |
||
| 526 |
_a0 _b0 _c0 _d628_720000000000000_STE |
||
| 526 |
_a0 _b0 _c0 _d628_720000000000000_STE |
||
| 526 |
_a0 _b0 _c0 _d628_720000000000000_STE |
||
| 526 |
_a0 _b0 _c0 _d628_720000000000000_STE |
||
| 526 |
_a0 _b0 _c0 _d628_720000000000000_STE |
||
| 526 |
_a0 _b0 _c0 _d628_720000000000000_STE |
||
| 526 |
_a0 _b0 _c0 _d628_720000000000000_STE |
||
| 526 |
_a0 _b0 _c0 _d628_720000000000000_STE |
||
| 526 |
_a0 _b0 _c0 _d628_720000000000000_STE |
||
| 526 |
_a0 _b0 _c0 _d628_720000000000000_STE |
||
| 526 |
_a0 _b0 _c0 _d628_720000000000000_STE |
||
| 526 |
_a0 _b0 _c0 _d628_720000000000000_STE |
||
| 526 |
_a0 _b0 _c0 _d628_720000000000000_STE |
||
| 526 |
_a0 _b0 _c0 _d628_720000000000000_STE |
||
| 526 |
_a0 _b0 _c0 _d628_720000000000000_STE |
||
| 526 |
_a0 _b0 _c0 _d628_720000000000000_STE |
||
| 526 |
_a0 _b0 _c0 _d628_720000000000000_STE |
||
| 526 |
_a0 _b0 _c0 _d628_720000000000000_STE |
||
| 526 |
_a0 _b0 _c0 _d628_720000000000000_STE |
||
| 526 |
_a0 _b0 _c0 _d628_720000000000000_STE |
||
| 526 |
_a0 _b0 _c0 _d628_720000000000000_STE |
||
| 526 |
_a0 _b0 _c0 _d628_720000000000000_STE |
||
| 526 |
_a0 _b0 _c0 _d628_720000000000000_STE |
||
| 526 |
_a0 _b0 _c0 _d628_720000000000000_STE |
||
| 526 |
_a0 _b0 _c0 _d628_720000000000000_STE |
||
| 526 |
_a0 _b0 _c0 _d628_720000000000000_STE |
||
| 526 |
_a0 _b0 _c0 _d628_720000000000000_STE |
||
| 526 |
_a0 _b0 _c0 _d628_720000000000000_STE |
||
| 526 |
_a0 _b0 _c0 _d628_720000000000000_STE |
||
| 650 | 0 |
_aSewage. _98582 |
|
| 650 | 0 |
_aSewerage. _95193 |
|
| 650 | 0 |
_aWater-supply engineering. _9391 |
|
| 650 | 0 | _aWater-supply. | |
| 700 | 1 |
_aMcGhee, Terence J., _95192 |
|
| 942 |
_2ddc _cBK |
||
| 999 |
_c548529 _d548529 |
||